Statistiques concernant Espèces de Requins Aléatoires

Cliquez ici pour prendre le quiz!

Statistiques générales

  • Ce quiz a été pris 164 fois
  • Le résultat moyen est 4 sur 8

Statistiques - réponses

Réponse% Correct
Requin-Marteau
100%
Grand Requin Blanc
97%
Requin-Baleine
96%
Requin-Scie
93%
Requin-Tigre
88%
Requin-Taureau
62%
Requin-Bouledogue
58%
Requin-Citron
55%
Requin-Pèlerin
54%
Requin-Renard
53%
Requin-Mako
50%
Roussette
43%
Requin-Nourrice
41%
Requin-Tapis
30%
Requin-Zèbre
19%
Ange de Mer
15%
Requin-Soyeux
10%
Squalelet Féroce
6%
Requin-Chagrin
3%

Distribution des résultats

Percentile par nombre de réponses

% des personnes avec chaque résultat

Votre développement - résultats

Vous n’avez pas pris ce quiz